[Event "TCh-FRA Top 16 Gp A"]
[Site "Montpellier FRA"]
[Date "2006.04.02"]
[EventDate "2006.03.03"]
[Round "7"]
[Result "1-0"]
[White "Maxime Vachier-Lagrave"]
[Black "Olivier Clement"]
[WhiteElo "2542"]
[BlackElo "2113"]
[PlyCount "68"]

1. e4 c5 2. Nf3 Nc6 3. Nc3 e5 4. Bc4 Be7 5. Nd5 Nf6 6. Nxe7
Qxe7 7. d3 d6 8. c3 O-O 9. Bg5 Be6 10. Bb5 Rfc8 11. O-O a6
12. Ba4 b5 13. Bc2 Bg4 14. h3 Bh5 15. Bh4 Rab8 16. g4 Bg6
17. Ne1 Qe6 18. Ng2 c4 19. f4 exf4 20. Nxf4 Qd7 21. d4 Ne8
22. Qf3 Nc7 23. Rf2 b4 24. Ba4 Nb5 25. Raf1 Re8 26. Nxg6 fxg6
27. Bd1 h6 28. Be2 Na5 29. Qe3 bxc3 30. bxc3 Rf8 31. Rxf8+
Rxf8 32. Rxf8+ Kxf8 33. e5 Qe6 34. a4 Nc7 1-0

[Event "37th Chess Olympiad"]
[Site "Turin ITA"]
[Date "2006.05.22"]
[EventDate "2006.05.21"]
[Round "2"]
[Result "1/2-1/2"]
[White "Maxime Vachier-Lagrave"]
[Black "Zeljko Bogut"]
[WhiteElo "2576"]
[BlackElo "2443"]
[PlyCount "81"]

1. e4 Nf6 2. e5 Nd5 3. d4 d6 4. c4 Nb6 5. exd6 exd6 6. Nc3 Be7
7. Be3 O-O 8. Qf3 c6 9. O-O-O d5 10. c5 N6d7 11. Bd3 b6
12. cxb6 axb6 13. Bb1 Nf6 14. h3 b5 15. g4 b4 16. Nce2 b3
17. a3 Ra4 18. Nc3 Rc4 19. Nge2 Ne4 20. Bxe4 dxe4 21. Qxe4 Nd7
22. Kb1 Nf6 23. Qd3 Ba6 24. Bg5 h6 25. Bxf6 Bxf6 26. Qd2 Qb6
27. h4 Rd8 28. g5 Bxd4 29. gxh6 Bf6 30. Qe3 Rxd1+ 31. Rxd1
Qxe3 32. fxe3 Rxh4 33. hxg7 Rh3 34. Nc1 Rxe3 35. Nxb3 Bxc3
36. bxc3 Rxc3 37. Kb2 Rg3 38. Nd4 Rd3 39. Rxd3 Bxd3 40. Nxc6
Kxg7 41. Ne5 1/2-1/2

[Event "37th Chess Olympiad"]
[Site "Turin ITA"]
[Date "2006.06.04"]
[EventDate "2006.05.21"]
[Round "13"]
[Result "0-1"]
[White "Maxime Vachier-Lagrave"]
[Black "Vasil Spas Spasov"]
[WhiteElo "2576"]
[BlackElo "2578"]
[PlyCount "62"]

1. e4 c5 2. Nf3 Nc6 3. Nc3 Nf6 4. e5 Ng4 5. Qe2 d6 6. exd6 e6
7. Qc4 e5 8. h3 Nh6 9. d3 Nf5 10. Bg5 Qxd6 11. O-O-O Be6
12. Qa4 f6 13. Ne4 Qc7 14. Be3 Nfd4 15. c3 b5 16. Qa3 b4
17. Qa4 bxc3 18. Nxc3 Rb8 19. Nd2 Be7 20. Nc4 O-O 21. g4 Nb4
22. Bg2 Rfd8 23. Kb1 Nxd3 24. Rxd3 Rb4 25. Qa5 Qb8 26. Rd2
Bxc4 27. Rhd1 Bf8 28. Ne4 Bd5 29. a3 Rb5 30. Qc3 Qb7 31. Bxd4
Bxe4+ 0-1

[Event "FRA Cup quarterfinal"]
[Site "Versailles"]
[Date "2006.06.10"]
[EventDate "2006.??.??"]
[Round "1"]
[Result "0-1"]
[White "Louis Roos"]
[Black "Maxime Vachier-Lagrave"]
[WhiteElo "2381"]
[BlackElo "2637"]
[PlyCount "86"]

1. c4 g6 2. Nc3 c5 3. g3 Bg7 4. Bg2 Nc6 5. d3 e6 6. e4 Nge7
7. Nge2 a6 8. O-O O-O 9. a3 b5 10. Be3 bxc4 11. dxc4 d6 12. b4
cxb4 13. axb4 Nxb4 14. e5 d5 15. Bc5 Rb8 16. Rb1 a5 17. cxd5
Bxe5 18. dxe6 Qc7 19. exf7+ Rxf7 20. Ne4 Ba6 21. Nf4 Bxf1
22. Bxf1 Bxf4 23. gxf4 Rd8 24. Bd6 Qc6 25. Bg2 Qc2 26. Qxc2
Nxc2 27. Bc7 Rc8 28. Be5 Na3 29. Ra1 Nc4 30. Nd6 Nxd6 31. Bxd6
Nf5 32. Be5 Ra7 33. Bd5+ Kf8 34. Be6 Rd8 35. Bc3 Nd4 36. Bg4
a4 37. Bd1 Nb5 38. Bb4+ Kg7 39. Bc5 Raa8 40. Bf3 Rac8 41. Be3
Nc3 42. Ra3 Rc4 43. Kg2 Nd5 0-1

[Event "Coupe de France"]
[Site "Paris FRA"]
[Date "2006.06.25"]
[EventDate "2006.06.25"]
[Round "1"]
[Result "1-0"]
[White "Manuel Apicella"]
[Black "Maxime Vachier-Lagrave"]
[WhiteElo "2524"]
[BlackElo "2576"]
[PlyCount "89"]

1. e4 c5 2. Nf3 d6 3. d4 Nf6 4. Nc3 cxd4 5. Nxd4 a6 6. Be2 e5
7. Nb3 Be7 8. a4 Be6 9. O-O Nbd7 10. a5 Rc8 11. Re1 Rxc3
12. bxc3 Nxe4 13. Bg4 Nxc3 14. Qf3 Qc8 15. Bxe6 fxe6 16. Bd2
Nd5 17. Rac1 Qc4 18. Re4 Qc6 19. Rg4 g6 20. Qd3 N7f6 21. Rc4
Qd7 22. Bh6 Rg8 23. Bg5 Nh5 24. Bxe7 Kxe7 25. g3 Qb5 26. Rb1
Rb8 27. Qf1 Nhf6 28. Nd4 Qe8 29. Nf3 Qd7 30. Qh3 Kf8 31. Ng5
Re8 32. Qh6+ Kg8 33. Rb3 Re7 34. Rf3 Re8 35. Rh4 Qg7 36. Qxg7+
Kxg7 37. Rb3 b5 38. axb6 h6 39. Ne4 Nxe4 40. Rxe4 Rb8 41. b7
Kf7 42. Rc4 Ne7 43. Ra4 Ke8 44. Rxa6 Kd7 45. Ra8 1-0

[Event "Paris-ch"]
[Site "Paris"]
[Date "2006.07.08"]
[EventDate "2006.??.??"]
[Round "1"]
[Result "1-0"]
[White "Maxime Vachier-Lagrave"]
[Black "Pierre Yves Toulzac"]
[WhiteElo "2637"]
[BlackElo "2331"]
[PlyCount "69"]

1. e4 d6 2. d4 Nf6 3. Nc3 c6 4. g3 Nbd7 5. Bg2 e5 6. Nge2 Be7
7. a4 b6 8. O-O a6 9. h3 O-O 10. g4 Kh8 11. Ng3 Ne8 12. Nce2
Bb7 13. Nf5 g6 14. Nxe7 Qxe7 15. f4 Rd8 16. Ng3 c5 17. dxe5
dxe5 18. f5 g5 19. f6 Ndxf6 20. Qe1 Ng8 21. Nf5 Qf6 22. Ra3
Qg6 23. h4 f6 24. Rb3 b5 25. axb5 axb5 26. Qa5 Nd6 27. Nxd6
Rxd6 28. Qc7 Rfd8 29. Qxb7 gxh4 30. g5 Rd1 31. Qxb5 fxg5
32. Qxc5 Rxf1+ 33. Bxf1 Qxe4 34. Rb4 Qe1 35. Qe3 1-0

[Event "Paris-ch"]
[Site "Paris"]
[Date "2006.07.08"]
[EventDate "2006.??.??"]
[Round "2"]
[Result "0-1"]
[White "Luc Bergez"]
[Black "Maxime Vachier-Lagrave"]
[WhiteElo "2426"]
[BlackElo "2637"]
[PlyCount "80"]

1. e4 c5 2. Nf3 d6 3. Bb5+ Nc6 4. O-O Bd7 5. c3 Nf6 6. Re1 a6
7. Bxc6 Bxc6 8. d4 Bxe4 9. Bg5 Bd5 10. c4 Bxc4 11. d5 Bxd5
12. Bxf6 Bxf3 13. Qxf3 gxf6 14. Qxb7 Rb8 15. Qxa6 e6 16. Nc3
Be7 17. Qa4+ Kf8 18. Qc2 f5 19. a4 d5 20. Nb5 Rg8 21. Ra3 c4
22. Rh3 Bb4 23. Ree3 Qf6 24. Reg3 Rxg3 25. Rxg3 Ra8 26. h3 Qh4
27. Qd1 Bc5 28. Rf3 d4 29. Qc1 Rxa4 30. b3 Rb4 31. bxc4 Qe4
32. Kh2 Qe5+ 33. Rg3 d3 34. Qh6+ Ke8 35. f4 Qe1 36. Rg8+ Kd7
37. h4 d2 38. Qf6 Qg1+ 39. Kh3 Qh1+ 40. Kg3 Bf2+ 0-1

[Event "Paris-ch"]
[Site "Paris"]
[Date "2006.07.08"]
[EventDate "2006.??.??"]
[Round "3"]
[Result "1-0"]
[White "Maxime Vachier-Lagrave"]
[Black "Anthony Bellaiche"]
[WhiteElo "2637"]
[BlackElo "2482"]
[PlyCount "97"]

1. e4 c5 2. Nf3 e6 3. d4 cxd4 4. Nxd4 Nc6 5. Nc3 a6 6. g3 d6
7. Bg2 Bd7 8. O-O Nf6 9. Nxc6 Bxc6 10. g4 Nd7 11. Re1 g5
12. Ne2 Ne5 13. Ng3 Be7 14. a4 Qc7 15. Qe2 b5 16. a5 b4 17. b3
Bb5 18. Qd1 Rc8 19. Ra2 Bd7 20. Be3 Rb8 21. h3 O-O 22. Qd2 Qd8
23. Rea1 Rb5 24. Bb6 Qc8 25. Ra4 Rxb6 26. axb6 Bxa4 27. Rxa4
a5 28. h4 gxh4 29. Nh5 Kh8 30. Qd4 f6 31. f3 h3 32. Bh1 Qc6
33. Qd2 Qxb6+ 34. Kh2 Rg8 35. Kxh3 f5 36. exf5 exf5 37. gxf5
Qg1 38. Bg2 Bg5 39. Qe2 Qd4 40. Qe1 Bd8 41. c3 Qd3 42. Qe4 Qd2
43. f4 Qf2 44. fxe5 Rxg2 45. Qf4 Qe2 46. exd6 Bb6 47. Ra2 Qxa2
48. Qe5+ Kg8 49. Qe8# 1-0

[Event "Paris-ch"]
[Site "Paris"]
[Date "2006.07.08"]
[EventDate "2006.??.??"]
[Round "4"]
[Result "1/2-1/2"]
[White "Maxime Vachier-Lagrave"]
[Black "Elshan Moradiabadi"]
[WhiteElo "2637"]
[BlackElo "2569"]
[PlyCount "70"]

1. e4 e5 2. Nf3 Nc6 3. Bb5 a6 4. Ba4 Nf6 5. O-O b5 6. Bb3 Bc5
7. c3 d6 8. a4 Rb8 9. d4 Bb6 10. Na3 O-O 11. axb5 axb5
12. Nxb5 Bg4 13. d5 Ne7 14. Bc2 Qe8 15. c4 Nxe4 16. Bxe4 f5
17. Bd3 e4 18. Be2 exf3 19. Bxf3 Ng6 20. b3 Nh4 21. Bxg4 fxg4
22. Bg5 Qh5 23. Bxh4 Qxh4 24. Kh1 Bxf2 25. Qd3 Rf6 26. g3 Qh3
27. Qe2 Bxg3 28. Rxf6 gxf6 29. Rg1 Be5 30. Qxg4+ Qxg4
31. Rxg4+ Kf7 32. Rg2 Ra8 33. Nxc7 Ra1+ 34. Rg1 Ra2 35. Rg2
Ra1+ 1/2-1/2

[Event "Paris Championship"]
[Site "Paris FRA"]
[Date "2006.07.15"]
[EventDate "2006.07.08"]
[Round "8"]
[Result "1-0"]
[White "Namig Guliyev"]
[Black "Maxime Vachier-Lagrave"]
[WhiteElo "2543"]
[BlackElo "2577"]
[PlyCount "75"]

1. e4 c5 2. Nf3 d6 3. d4 Nf6 4. Nc3 cxd4 5. Nxd4 a6 6. Be2 e5
7. Nb3 Be7 8. Bg5 Be6 9. Bxf6 Bxf6 10. Qd3 Nc6 11. O-O-O Be7
12. Kb1 O-O 13. Nd5 a5 14. c3 a4 15. Nd2 Bxd5 16. Qxd5 Ra5
17. Qd3 d5 18. exd5 Rxd5 19. Qc2 Qb6 20. Bf3 Rdd8 21. Qxa4
Qxf2 22. Rhf1 Qb6 23. Rfe1 Ra8 24. Nc4 Qc5 25. Qb3 Rfd8
26. Qxb7 Qxc4 27. Rxd8+ Rxd8 28. Qxc6 Qd3+ 29. Ka1 Qd2 30. Rb1
g6 31. a4 Kg7 32. a5 Rd6 33. Qb5 Qe3 34. Ka2 e4 35. Qe5+ Rf6
36. Rd1 Qa7 37. Bxe4 Kh6 38. Rd3 1-0

[Event "Lausanne Young Masters"]
[Site "Lausanne SUI"]
[Date "2006.09.13"]
[EventDate "2006.09.13"]
[Round "1.1"]
[Result "1/2-1/2"]
[White "Radoslaw Wojtaszek"]
[Black "Maxime Vachier-Lagrave"]
[WhiteElo "2622"]
[BlackElo "2577"]
[PlyCount "71"]

1. d4 Nf6 2. c4 g6 3. Nc3 d5 4. Nf3 Bg7 5. Qb3 dxc4 6. Qxc4
O-O 7. e4 Nfd7 8. Be3 Nb6 9. Qc5 Bg4 10. Ne5 Be6 11. O-O-O Qd6
12. Qxd6 cxd6 13. Nf3 Rc8 14. Kb1 Na6 15. Rc1 d5 16. Bxa6 bxa6
17. e5 Rc6 18. b3 Rac8 19. Kb2 f6 20. exf6 exf6 21. Ne2 g5
22. Rxc6 Rxc6 23. Rc1 Rxc1 24. Nxc1 Bf8 25. Nd3 Bd6 26. g3 Kf7
27. Nc5 Bc8 28. Kc3 Kg6 29. Kd2 Kh5 30. Ng1 Na8 31. f3 Kg6
32. Ne2 Nc7 33. Nc1 h5 34. N1d3 a5 35. Ke1 Ne6 36. Nxe6
1/2-1/2

[Event "Lausanne Young Masters"]
[Site "Lausanne SUI"]
[Date "2006.09.14"]
[EventDate "2006.09.14"]
[Round "1.2"]
[Result "1/2-1/2"]
[White "Maxime Vachier-Lagrave"]
[Black "Radoslaw Wojtaszek"]
[WhiteElo "2577"]
[BlackElo "2622"]
[PlyCount "82"]

1. e4 c6 2. d4 d5 3. e5 Bf5 4. Be3 e6 5. Nd2 Nd7 6. Be2 f6
7. exf6 Ngxf6 8. g4 Bg6 9. h4 h5 10. gxh5 Nxh5 11. Ngf3 Bd6
12. Rg1 Qf6 13. Bg5 Qf7 14. Bd3 Bxd3 15. cxd3 Nf4 16. Bxf4
Bxf4 17. Qe2 O-O-O 18. O-O-O Rde8 19. Kb1 e5 20. dxe5 Nxe5
21. Nxe5 Bxe5 22. Qg4+ Qd7 23. Nf3 Qxg4 24. Rxg4 Bf6 25. Rd2
Kc7 26. Kc2 a5 27. Kd1 c5 28. Rc2 Kd6 29. b3 Rh5 30. d4 b6
31. Re2 Rxe2 32. dxc5+ bxc5 33. Kxe2 Rh8 34. Ra4 Bc3 35. Kd3
Rf8 36. Ng5 Bb4 37. a3 Be1 38. Ke2 Bc3 39. Kd3 Be1 40. Ke2 Bc3
41. Kd3 Be1 1/2-1/2

[Event "Lausanne Young Masters"]
[Site "Lausanne SUI"]
[Date "2006.09.14"]
[EventDate "2006.09.14"]
[Round "1.3"]
[Result "0-1"]
[White "Radoslaw Wojtaszek"]
[Black "Maxime Vachier-Lagrave"]
[WhiteElo "2622"]
[BlackElo "2577"]
[PlyCount "92"]

1. d4 Nf6 2. c4 g6 3. Nc3 d5 4. Nf3 Bg7 5. Qb3 dxc4 6. Qxc4
O-O 7. e4 Nfd7 8. Be3 Nb6 9. Qc5 Bg4 10. O-O-O N8d7 11. Qa3 e5
12. d5 f5 13. h3 Bxf3 14. gxf3 f4 15. Bd2 Qh4 16. Be1 Rfc8
17. d6 Bf8 18. Qb3+ Kh8 19. dxc7 Rxc7 20. Kb1 Nc5 21. Qb5 Rd8
22. Nd5 Nxd5 23. exd5 Qh5 24. Be2 Qf5+ 25. Ka1 a6 26. Qb6 Rdc8
27. Ba5 Qc2 28. Rd2 Na4 29. Qxc7 Rxc7 30. Rxc2 Rxc2 31. Bd3
Rxb2 32. Be4 Bd6 33. Rb1 Rxb1+ 34. Kxb1 Nc5 35. Kc2 Kg7
36. Bd8 Kf7 37. Kc3 Ke8 38. Ba5 b6 39. Bb4 Nxe4+ 40. fxe4
Bxb4+ 41. Kxb4 f3 42. Kc4 g5 43. d6 h5 44. Kd5 g4 45. hxg4
hxg4 46. Kc6 Kd8 0-1

[Event "Lausanne Young Masters"]
[Site "Lausanne SUI"]
[Date "2006.09.14"]
[EventDate "2006.09.14"]
[Round "1.4"]
[Result "1/2-1/2"]
[White "Maxime Vachier-Lagrave"]
[Black "Radoslaw Wojtaszek"]
[WhiteElo "2577"]
[BlackElo "2622"]
[PlyCount "179"]

1. e4 c6 2. d4 d5 3. e5 Bf5 4. Be3 e6 5. Nd2 Nd7 6. Be2 Qb6
7. Nb3 a5 8. a4 Bb4+ 9. c3 Be7 10. Nf3 Bg6 11. O-O Nh6 12. c4
Nf5 13. cxd5 exd5 14. Bg5 Bxg5 15. Nxg5 O-O 16. Nf3 Rfe8
17. Bd3 Ne7 18. Re1 Bxd3 19. Qxd3 Ng6 20. Re3 Ndf8 21. Nc5 Qc7
22. Qf5 b6 23. Nd3 c5 24. dxc5 bxc5 25. Rc1 c4 26. b3 Rac8
27. bxc4 dxc4 28. Nb2 c3 29. Nd1 Red8 30. Nxc3 Ne6 31. g3 Qc4
32. Rb1 Ne7 33. Qe4 Qxe4 34. Nxe4 Rc4 35. Nd6 Rxa4 36. Rb7 Nd5
37. Re1 Rf8 38. Nd2 Ra2 39. N2c4 Nd4 40. Kg2 Nc2 41. Re4 Ra1
42. e6 fxe6 43. Rxe6 Ne1+ 44. Kh3 Nd3 45. Re8 Nxf2+ 46. Kg2
Rxe8 47. Nxe8 Ra2 48. Nxg7 Ng4+ 49. Kh3 Ndf6 50. Kh4 Rc2
51. Nf5 h6 52. h3 Rxc4 53. hxg4 Rxg4+ 54. Kh3 Ra4 55. Nxh6+
Kh8 56. Nf7+ Kg7 57. Ne5+ Kh6 58. Rb6 Kg5 59. Rb5 Kh6 60. Rb6
Kg7 61. Rb7+ Kg8 62. Rb8+ Kg7 63. Rb7+ Kh6 64. Rb6 Kg5 65. Rb5
Ne4 66. Nc6+ Kf6 67. Rxa5 Rc4 68. Ne5 Rc3 69. Kg4 Nxg3 70. Rc5
Re3 71. Nc4 Rc3 72. Rc6+ Ke7 73. Ne5 Rb3 74. Ng6+ Kf7 75. Ne5+
Kg7 76. Rg6+ Kh7 77. Rc6 Ne4 78. Kf5 Ng3+ 79. Kf4 Ne2+ 80. Kg5
Rg3+ 81. Ng4 Nd4 82. Rc7+ Kg8 83. Kf4 Rg1 84. Rd7 Ne6+ 85. Kf5
Ng7+ 86. Kf4 Nh5+ 87. Kg5 Ng7 88. Rd8+ Kh7 89. Rd7 Kg8
90. Rd8+ 1/2-1/2

[Event "Lausanne Young Masters"]
[Site "Lausanne SUI"]
[Date "2006.09.16"]
[EventDate "2006.09.13"]
[Round "2.2"]
[Result "1/2-1/2"]
[White "Maxime Vachier-Lagrave"]
[Black "Vugar Gashimov"]
[WhiteElo "2577"]
[BlackElo "2644"]
[PlyCount "113"]

1. e4 c5 2. Nf3 d6 3. d4 cxd4 4. Nxd4 Nf6 5. Nc3 a6 6. Be3 e5
7. Nb3 Be6 8. f4 Qc7 9. f5 Bc4 10. g4 h6 11. Bxc4 Qxc4 12. Qe2
Qxe2+ 13. Kxe2 Nbd7 14. Kf3 Rc8 15. Rad1 g6 16. h3 Rg8 17. Rh2
Rc4 18. Nd2 Rc6 19. Nf1 b5 20. a3 Kd8 21. Rhd2 Kc8 22. Bf2
gxf5 23. gxf5 h5 24. Bh4 Kb7 25. Ne3 Rc8 26. Ncd5 Nxd5
27. Nxd5 Nb6 28. Nxb6 Kxb6 29. Bf2+ Kb7 30. c3 Be7 31. Ra1
Rgd8 32. Rd5 Rc4 33. Rg1 Bf6 34. Be3 Kc6 35. Rg2 Kd7 36. Bb6
Rb8 37. Ba5 Rc5 38. Rd3 Rc6 39. Rg1 Ra8 40. Rd5 Rc5 41. Rd2
Rc6 42. Rd5 Rc5 43. Rd2 Rc6 44. Rdg2 Rcc8 45. Bb6 Rab8 46. Be3
Ke7 47. Rd2 Rc4 48. Rgd1 Rc6 49. Bf2 Kd7 50. Rd5 Ke7 51. Be1
Rg8 52. Bf2 Rb8 53. R5d3 Kd7 54. Ra1 Bg5 55. b4 Bd8 56. a4 a5
57. axb5 1/2-1/2

[Event "Lausanne Young Masters"]
[Site "Lausanne SUI"]
[Date "2006.09.17"]
[EventDate "2006.09.13"]
[Round "3.1"]
[Result "0-1"]
[White "Wang Yue"]
[Black "Maxime Vachier-Lagrave"]
[WhiteElo "2626"]
[BlackElo "2577"]
[PlyCount "72"]

1. c4 g6 2. Nc3 c5 3. g3 Bg7 4. Bg2 Nc6 5. Nf3 d6 6. O-O e5
7. a3 Nge7 8. d3 O-O 9. Ne1 f5 10. Bg5 h6 11. Bxe7 Nxe7 12. b4
Rb8 13. Rb1 b6 14. Qa4 Bd7 15. Nb5 a5 16. Nc2 f4 17. Qb3 Bc6
18. Nc3 Bd7 19. Qa2 Nc6 20. Rb3 a4 21. Rbb1 Ne7 22. Nd5 h5
23. Nxe7+ Qxe7 24. Ne1 g5 25. Nf3 h4 26. Nd2 g4 27. Bd5+ Kh8
28. Ne4 Bh6 29. Qc2 Rf5 30. b5 Rbf8 31. Qxa4 fxg3 32. hxg3
hxg3 33. Nxg3 Rxf2 34. Rxf2 Be3 35. Rbf1 Qh4 36. Nf5 Bxf5 0-1

[Event "Lausanne Young Masters"]
[Site "Lausanne SUI"]
[Date "2006.09.18"]
[EventDate "2006.09.13"]
[Round "3.3"]
[Result "1-0"]
[White "Maxime Vachier-Lagrave"]
[Black "Wang Yue"]
[WhiteElo "2577"]
[BlackElo "2626"]
[PlyCount "75"]

1. e4 c5 2. Nf3 Nc6 3. Bb5 d6 4. O-O Bd7 5. Re1 Nf6 6. c3 a6
7. Bf1 Bg4 8. d4 cxd4 9. cxd4 d5 10. e5 Ng8 11. e6 Bxe6
12. Rxe6 fxe6 13. Nc3 Nf6 14. g3 g6 15. Bh3 Bg7 16. Ng5 O-O
17. Nxe6 Qb6 18. Na4 Qa7 19. Nxf8 Rxf8 20. Be3 Kh8 21. Nc5 Nd8
22. Rc1 Qb6 23. Qb3 Qxb3 24. axb3 a5 25. Ne6 Nxe6 26. Bxe6 Rb8
27. Bf4 Rd8 28. Rc7 Ne8 29. Rxe7 Bxd4 30. Bg5 Rb8 31. Bxd5 b6
32. Re2 Nf6 33. Bf3 Kg7 34. Rd2 Bc5 35. Bf4 Re8 36. Kg2 Re7
37. g4 Rd7 38. g5 1-0

[Event "Cap d'Agde"]
[Site "Cap d'Agde FRA"]
[Date "2006.10.27"]
[EventDate "2006.??.??"]
[Round "2"]
[Result "1/2-1/2"]
[White "Maxime Vachier-Lagrave"]
[Black "Etienne Bacrot"]
[WhiteElo "2579"]
[BlackElo "2705"]
[PlyCount "79"]

1. e4 e5 2. Nf3 Nc6 3. Bb5 a6 4. Bxc6 dxc6 5. O-O f6 6. d4
exd4 7. Nxd4 c5 8. Nb3 Qxd1 9. Rxd1 Bg4 10. f3 Bd7 11. Nc3
O-O-O 12. Bf4 c4 13. Na5 Bc5+ 14. Kf1 b5 15. a4 Ne7 16. axb5
Bxb5 17. Bd2 Rhe8 18. Nxb5 axb5 19. b3 cxb3 20. Nxb3 Bb6
21. Bc3 Rxd1+ 22. Rxd1 c5 23. Rd6 Ba7 24. Ra6 Kb7 25. Re6 Kc7
26. e5 Kd7 27. Ra6 Nc8 28. exf6 gxf6 29. Rxf6 Nd6 30. Rh6 Re7
31. Rh5 Kc6 32. Be1 Nc4 33. Bf2 Ne3+ 34. Bxe3 Rxe3 35. Rxh7
Bb6 36. Rh6+ Kc7 37. Rh7+ Kc6 38. Rh6+ Kc7 39. Rh7+ Kc6
40. Rh6+ 1/2-1/2

[Event "Cap d'Agde"]
[Site "Cap d'Agde FRA"]
[Date "2006.10.29"]
[EventDate "2006.10.27"]
[Round "7"]
[Result "1-0"]
[White "Maxime Vachier-Lagrave"]
[Black "Zhao Xue"]
[WhiteElo "2579"]
[BlackElo "2467"]
[PlyCount "117"]

1. e4 e5 2. Nf3 Nc6 3. Bb5 a6 4. Bxc6 dxc6 5. O-O f6 6. d4 Bg4
7. c3 Bd6 8. Be3 Qe7 9. Nbd2 O-O-O 10. Qc2 Re8 11. dxe5 fxe5
12. c4 Bxf3 13. Nxf3 c5 14. Ne1 Nf6 15. f3 Nd7 16. Nd3 Nf8
17. b4 Ne6 18. Rab1 b6 19. a3 Kb7 20. Qb2 Rhf8 21. Nxe5 Ng5
22. Nd7 Qxd7 23. Bxg5 Be5 24. Qe2 Bd4+ 25. Be3 cxb4 26. axb4
Rd8 27. Kh1 Bxe3 28. Qxe3 Qd3 29. Qxd3 Rxd3 30. Kg1 Rfd8
31. Kf2 Rd2+ 32. Kg3 R8d6 33. Rg1 Rg6+ 34. Kh3 Rh6+ 35. Kg4
Rg6+ 36. Kh3 Rh6+ 37. Kg4 Rg6+ 38. Kf5 Rgxg2 39. Rxg2 Rxg2
40. e5 Kc8 41. Ke6 Re2 42. f4 g6 43. Kf7 Rf2 44. e6 Rxf4+
45. Ke8 Rxc4 46. e7 Rf4 47. Re1 Rf6 48. Rd1 g5 49. Rd8+ Kb7
50. Rd5 Kc8 51. Rxg5 Rf4 52. Re5 b5 53. Re6 a5 54. bxa5 b4
55. a6 b3 56. a7 Kb7 57. a8=Q+ Kxa8 58. Kd7 Rf7 59. Kc8 1-0

[Event "Corus Group B"]
[Site "Wijk aan Zee NED"]
[Date "2007.01.13"]
[EventDate "2007.01.13"]
[Round "1"]
[Result "1/2-1/2"]
[White "Friso Nijboer"]
[Black "Maxime Vachier-Lagrave"]
[WhiteElo "2638"]
[BlackElo "2573"]
[PlyCount "63"]

1. e4 c5 2. Nf3 d6 3. d4 Nf6 4. Nc3 cxd4 5. Nxd4 a6 6. Be2 e5
7. Nb3 Be7 8. O-O O-O 9. Kh1 b6 10. Be3 Bb7 11. f3 b5 12. a4
b4 13. Nd5 Nxd5 14. exd5 Nd7 15. c4 bxc3 16. bxc3 Bg5 17. Bf2
Qc7 18. c4 Rab8 19. a5 Ba8 20. Ra4 Qb7 21. Nc1 Nc5 22. Ra1 Qd7
23. Ra2 Rfc8 24. Nd3 Nb3 25. f4 exf4 26. Bb6 Nc5 27. Nxc5 dxc5
28. Qa4 Qd6 29. Bg4 Re8 30. Ba7 Rbd8 31. Bb6 Rb8 32. Ba7
1/2-1/2

[Event "Corus Group B"]
[Site "Wijk aan Zee NED"]
[Date "2007.01.18"]
[EventDate "2007.01.13"]
[Round "5"]
[Result "0-1"]
[White "Jan Werle"]
[Black "Maxime Vachier-Lagrave"]
[WhiteElo "2566"]
[BlackElo "2573"]
[PlyCount "68"]

1. Nf3 Nf6 2. c4 g6 3. Nc3 d5 4. Qa4+ Bd7 5. Qb3 dxc4 6. Qxc4
a6 7. d4 b5 8. Qb3 c5 9. dxc5 Bg7 10. e4 Be6 11. Qc2 Nc6
12. Be2 Qc7 13. O-O O-O 14. a3 Rad8 15. g3 Qa7 16. b4 Nxe4
17. Bb2 Nxc5 18. bxc5 Qxc5 19. Rad1 b4 20. axb4 Nxb4 21. Qc1
Rc8 22. Na4 Qa5 23. Qf4 Qxa4 24. Bxg7 Kxg7 25. Nd4 Bh3
26. Rfe1 Qa5 27. Qh4 e5 28. Nf3 Bf5 29. g4 Bc2 30. Ng5 h6
31. Ne6+ fxe6 32. Rd7+ Rf7 33. Rxf7+ Kxf7 34. Qxh6 Kg8 0-1

[Event "Corus Group B"]
[Site "Wijk aan Zee NED"]
[Date "2007.01.19"]
[EventDate "2007.01.13"]
[Round "6"]
[Result "1-0"]
[White "Maxime Vachier-Lagrave"]
[Black "Viktor Antonovich Bologan"]
[WhiteElo "2573"]
[BlackElo "2658"]
[PlyCount "83"]

1. e4 c6 2. d4 d5 3. e5 Bf5 4. Be3 e6 5. Nd2 Nd7 6. c3 Qb6
7. b4 f6 8. Nb3 Ne7 9. Be2 Bg6 10. Nf3 Bf7 11. Nc5 Qc7
12. Nxd7 Qxd7 13. h4 h5 14. O-O Nf5 15. Bf4 Be7 16. Bd3 Bg6
17. Rb1 Kf7 18. Re1 a5 19. b5 c5 20. dxc5 Bxc5 21. c4 Rad8
22. Qe2 Ne7 23. Rbd1 Bxd3 24. Rxd3 Qc8 25. Be3 Bxe3 26. exf6
gxf6 27. Rxe3 Qxc4 28. Ng5+ fxg5 29. Rf3+ Ke8 30. Qxe6 Rd7
31. hxg5 Kd8 32. Qe5 Rg8 33. Rc3 Rxg5 34. Qb8+ Nc8 35. Rxc4
dxc4 36. Qf4 Rxb5 37. Qxc4 Rbd5 38. Qf4 Nd6 39. Re5 Rxe5
40. Qxe5 b6 41. Qxh5 Kc7 42. g4 1-0

[Event "Corus Group B"]
[Site "Wijk aan Zee NED"]
[Date "2007.01.20"]
[EventDate "2007.01.13"]
[Round "7"]
[Result "0-1"]
[White "Daniel Stellwagen"]
[Black "Maxime Vachier-Lagrave"]
[WhiteElo "2585"]
[BlackElo "2573"]
[PlyCount "102"]

1. e4 c5 2. Nf3 d6 3. d4 Nf6 4. Nc3 cxd4 5. Nxd4 a6 6. Be2 e5
7. Nb3 Be7 8. Be3 O-O 9. g4 Be6 10. g5 Nfd7 11. Qd2 Nb6
12. O-O-O N8d7 13. Kb1 Rc8 14. h4 Nc4 15. Bxc4 Rxc4 16. f4
exf4 17. Bxf4 Ne5 18. Nd4 Qc8 19. Nd5 Bxd5 20. Nf5 Re8
21. Qxd5 Bf8 22. h5 Rxc2 23. g6 Rc5 24. Qb3 Qe6 25. Bxe5 Qxb3
26. axb3 Rcxe5 27. gxf7+ Kxf7 28. Nxd6+ Bxd6 29. Rxd6 Rxe4
30. Rf1+ Kg8 31. Ka2 h6 32. Rf5 R8e5 33. Rd5 Rxf5 34. Rxf5 Rg4
35. Rf2 Rg5 36. Rh2 Kf7 37. b4 g6 38. hxg6+ Kxg6 39. Rd2 Rb5
40. Rg2+ Kf5 41. Kb3 h5 42. Ka4 h4 43. Rg7 Kf4 44. Rh7 Kg4
45. Rg7+ Rg5 46. Rxb7 h3 47. Rc7 h2 48. Rc4+ Kh3 49. Rc3+ Rg3
50. Rc1 Rg1 51. Rc8 Ra1+ 0-1

[Event "Corus Group B"]
[Site "Wijk aan Zee NED"]
[Date "2007.01.21"]
[EventDate "2007.01.13"]
[Round "8"]
[Result "1-0"]
[White "Maxime Vachier-Lagrave"]
[Black "Erwin L'Ami"]
[WhiteElo "2573"]
[BlackElo "2594"]
[PlyCount "61"]

1. e4 e5 2. Nf3 Nc6 3. Bb5 a6 4. Ba4 Nf6 5. O-O Nxe4 6. d4 b5
7. Bb3 d5 8. dxe5 Be6 9. Nbd2 Be7 10. c3 O-O 11. Qe2 Nc5
12. Nd4 Nxd4 13. cxd4 Nxb3 14. Nxb3 c5 15. Nxc5 Bxc5 16. dxc5
d4 17. Rd1 Qd5 18. b3 Qxc5 19. Bb2 Rfd8 20. Rac1 Qb6 21. Qe4
Rac8 22. Rxc8 Rxc8 23. h3 Qa5 24. Qxd4 h6 25. a3 Bxb3 26. e6
f6 27. Qd7 Bxd1 28. Qxc8+ Kh7 29. Qd7 Qe1+ 30. Kh2 Kh8
31. Bxf6 1-0

[Event "Corus Group B"]
[Site "Wijk aan Zee NED"]
[Date "2007.01.23"]
[EventDate "2007.01.13"]
[Round "9"]
[Result "1/2-1/2"]
[White "Jan Smeets"]
[Black "Maxime Vachier-Lagrave"]
[WhiteElo "2538"]
[BlackElo "2573"]
[PlyCount "55"]

1. e4 c5 2. Nf3 d6 3. d4 cxd4 4. Nxd4 Nf6 5. Nc3 a6 6. Be2 e5
7. Nb3 Be7 8. Bg5 Be6 9. Bxf6 Bxf6 10. Qd3 Nc6 11. O-O-O Be7
12. g3 a5 13. a3 O-O 14. f4 f5 15. Bf3 fxe4 16. Bxe4 exf4
17. Bxh7+ Kh8 18. Be4 a4 19. Qb5 Ne5 20. gxf4 Rxf4 21. Nd4 Bc4
22. Qxb7 Rb8 23. Qa7 Rxe4 24. Nxe4 Ra8 25. Qb7 Rb8 26. Qa7 Ra8
27. Qb7 Rb8 28. Qa7 1/2-1/2

[Event "Corus Group B"]
[Site "Wijk aan Zee NED"]
[Date "2007.01.24"]
[EventDate "2007.01.13"]
[Round "10"]
[Result "1-0"]
[White "Dmitry Jakovenko"]
[Black "Maxime Vachier-Lagrave"]
[WhiteElo "2691"]
[BlackElo "2573"]
[PlyCount "133"]

1. e4 c5 2. Nf3 d6 3. d4 cxd4 4. Nxd4 Nf6 5. Nc3 a6 6. Bg5 e6
7. f4 Qc7 8. Bd3 b5 9. O-O Be7 10. Kh1 Nbd7 11. Bh4 Bb7 12. a3
Nc5 13. Qe1 Nfxe4 14. Nxe4 Bxh4 15. Qxh4 Nxe4 16. Rae1 Nf6
17. Nf5 Rg8 18. c4 Kf8 19. Ne3 bxc4 20. Bxc4 Rc8 21. b3 Qc5
22. Qf2 d5 23. b4 Qd6 24. Bd3 g6 25. Qb2 Kg7 26. Qd4 Rge8
27. Ng4 Qd8 28. f5 gxf5 29. Bxf5 Rc4 30. Qb2 h5 31. Nxf6 Qxf6
32. Qxf6+ Kxf6 33. Bxe6+ Kg5 34. Re5+ Kh6 35. Rf6+ Kg7
36. Rxf7+ Kg6 37. Rf1 Re7 38. Kg1 Re4 39. Bf5+ Kg5 40. Rxe7
Rxe7 41. Bd3 Re3 42. Rf3 Re5 43. Rf7 Re3 44. Rf3 Re5 45. Kf2
d4 46. Rf7 Re3 47. h4+ Kxh4 48. Rf4+ Kg5 49. Rxd4 Re6 50. g3
Rf6+ 51. Ke2 Bc8 52. Ke3 Bb7 53. Be2 Re6+ 54. Kd2 Rf6 55. Rd7
Bf3 56. Bxf3 Rxf3 57. Rd3 Rf1 58. Kc3 Kf5 59. Re3 Kg4 60. a4
Ra1 61. Kb3 Rb1+ 62. Kc4 Ra1 63. a5 Rc1+ 64. Rc3 Re1 65. b5
Ra1 66. b6 Ra4+ 67. Kc5 1-0